[Event "Villamaria op 2nd"]
[Site "Villamaria"]
[Date "2016.07.03"]
[Round "5"]
[White "Avila, Edgar"]
[Black "Pelaez, Hernan"]
[Result "0-1"]
[WhiteElo "1295"]
[BlackElo "1805"]
[PlyCount "70"]
[EventDate "2016.07.02"]
[EventType "swiss"]
[EventRounds "7"]
[EventCountry "COL"]
[SourceTitle "CBM 173 Extra"]
[Source "ChessBase"]
[SourceDate "2016.08.29"]
[SourceVersion "1"]
[SourceVersionDate "2016.08.29"]
[SourceQuality "1"]

1. d4 f5 2. Nf3 Nf6 3. c4 g6 4. g3 Bg7 5. Bg2 0-0 6. Nc3 e6 7. 0-0 d5 8. cxd5 exd5 9. Qb3 c6 10. a4 Re8 11. a5 Nbd7 12. e3 Ne4 13. Nxe4 fxe4 14. Nd2 Nf6 15. h3 Qe7 16. Qa3 Qc7 17. b4 Bf8 18. Rb1 Nh5 19. Bb2 Nxg3 20. fxg3 Qxg3 21. Rf2 Bd6 22. Nf1 Qg5 23. Kh1 Qh4 24. Kg1 Bxh3 25. Ba1 Rf8 26. Rbb2 Bxg2 27. Rxg2 Rf3 28. Rbf2 Raf8 29. Bc3 R8f5 30. Nh2 Rh5 31. Qa2 Rxe3 32. Bd2 Bxh2+ 33. Rxh2 Qg4+ 34. Rfg2 Qd1+ 35. Kf2 Rf3# 0-1